Earth and Rockfill Dams :Selected papers (Record no. 576)
[ view plain ]
| 000 -LEADER | |
|---|---|
| fixed length control field | 00296 a2200109 4500 |
| 020 ## - INTERNATIONAL STANDARD BOOK NUMBER | |
| International Standard Book Number | 0872621979 |
| 082 ## - DEWEY DECIMAL CLASSIFICATION NUMBER | |
| Classification number | 627.83 WIL |
| 100 ## - MAIN ENTRY--PERSONAL NAME | |
| Personal name | Wilson,Stanley. D. |
| 245 ## - TITLE STATEMENT | |
| Title | Earth and Rockfill Dams :Selected papers |
| Statement of responsibility, etc. | S. J.Wilson |
| 260 ## - PUBLICATION, DISTRIBUTION, ETC. | |
| Place of publication, distribution, etc. | New York : |
| Name of publisher, distributor, etc. | ASCE, |
| Date of publication, distribution, etc. | 1979. |
| 300 ## - PHYSICAL DESCRIPTION | |
| Extent | Variuose pages : |
| Other physical details | ill. ; |
| Dimensions | 27 cm. |
| 650 ## - SUBJECT ADDED ENTRY--TOPICAL TERM | |
| Topical term or geographic name entry element | Dams |
| Withdrawn status | Lost status | Damaged status | Not for loan | Permanent Location | Current Location | Shelving location | Date acquired | Total Checkouts | Full call number | Barcode | Date last seen | Date last checked out | Price effective from | Koha item type |
|---|---|---|---|---|---|---|---|---|---|---|---|---|---|---|
| School of Civil and Environmental Engineering (SCEE) | School of Civil and Environmental Engineering (SCEE) | 1 | 627.83 WIL | NIT-6711 | 11/28/2019 | 10/21/2019 | 01/05/2017 | Book |
